• 首页
  • 本馆介绍
  • 公告通知
  • 最新文献
  • 馆藏检索
  • 电子资源
  • 读者导购
  • 参考咨询
  • 我的图书馆
  • 登录
  • 详细信息显示
  • 放入我的书架
  • 预约/预借图书
  • 作者相关作品
  • 分类相关作品
  • 丛书相关作品
  • 出版社相关作品

书目信息

  • 表格格式
  • 工作单格式
  • 卡片格式
题名:
病原生物学实验教程
    
 
作者: 马淑霞 , 沈晓玲 , 刘伯阳 主编
分册:  
出版信息: 北京   北京大学医学出版社  2015.06
页数: 158页
开本: 26cm
丛书名:
单 册:
中图分类: R37-33
科图分类:
主题词: 病原微生物--实验--医学院校--教材
电子资源:
ISBN: 978-7-5659-1075-3
000 00967nam0 2200265 450
001 275
005 20180925103915.96
010    @a978-7-5659-1075-3@dCNY20.00
100    @a20150930d2015 em y0chiy50 ea
101 0  @achi
102    @aCN@b110000
105    @aa z 000yy
200 1  @a病原生物学实验教程@9bing yuan Sheng wu xue shi yan jiao cheng@b专著@f马淑霞,沈晓玲,刘伯阳主编
205    @a2版
210    @a北京@c北京大学医学出版社@d2015.06
215    @a158页@c图@d26cm
300    @a高等医学院校实验教程
330    @a本书共两篇,第一篇为医学微生物学实验;第二篇为人体寄生虫学实验。具体包括细菌形态学检测法、细菌的人工培养、细菌染色法、蠕虫、原虫、医学昆虫等。
606 0  @a病原微生物@x实验@x医学院校@j教材
690    @aR37-33@v5
701  0 @a马淑霞@9ma shu xia@c(教育学)@4主编
701  0 @a沈晓玲@9shen xiao ling@c(病原生物学)@4主编
701  0 @a刘伯阳@9liu bo yang@c(医学)@4主编
801  0 @aCN@b91MARC@c20160705
905    @aMuseLib@dR37-33@e307=2
    
    病原生物学实验教程/马淑霞,沈晓玲,刘伯阳主编.-2版.-北京:北京大学医学出版社,2015.06
    158页:图;26cm
    高等医学院校实验教程
    
    ISBN 978-7-5659-1075-3:CNY20.00
    本书共两篇,第一篇为医学微生物学实验;第二篇为人体寄生虫学实验。具体包括细菌形态学检测法、细菌的人工培养、细菌染色法、蠕虫、原虫、医学昆虫等。
●
相关链接 在E读中查询图书 在五车中查询图书 在当当中查询图书 在豆瓣中查询图书


正题名:病原生物学实验教程     索取号:R37-33/307=2         预约/预借

序号 登录号 条形码 馆藏地/架位号 状态 备注
1 1119109   211191093   第二样本阅览室/ [索取号:R37-33/307=2] 在馆    
2 1119110   211191100   第三借阅区/ [索取号:R37-33/307=2] 在馆    
3 1119111   211191119   第三借阅区/ [索取号:R37-33/307=2] 在馆    
4 1119112   211191128   第三借阅区/ [索取号:R37-33/307=2] 在馆    
5 1119113   211191137   第三借阅区/ [索取号:R37-33/307=2] 在馆    
唐山师范学院图书馆 欢迎您!
大连网信软件有限公司© 版权所有